| 000 | 00953nam a22001697a 4500 | ||
|---|---|---|---|
| 003 | SGT | ||
| 020 | _a9788171980314 | ||
| 082 | _a657,MON | ||
| 100 | _aMONGA,J.R | ||
| 245 | _aBASIC FINANCIAL ACCOUNTING: TEXT | ||
| 250 | _a14TH | ||
| 260 |
_aNEW DELHI _bMAYUR PAPERBACKS _c2015 |
||
| 300 | _aV.P | ||
| 650 | _aACCOUNTING | ||
| 653 | _aFINANCIAL ACCOUNTING : NATURE, SCOPE AND LIMITATIONS, BASIC CONCEPTS AND CONVENTIONS, ACCOUNTING STANDARDS AND GENERALLY ACCEPTED ACCOUNTING PRINCIPLES, ACCOUNTING PROCESS – I JOURNALISING AND LEDGER, ACCOUNTING PROCESS – II SUBSIDIARY BOOKS, ACCOUNTING PROCESS – III TRIAL BALANCE, FINAL ACCOUNTS OF A SOLE TRADER, FINAL ACCOUNTS OF NOT-FOR PROFIT ORGANISATIONS, CONSIGNMENT ACCOUNTS, JOINT VENTURE ACCOUNTS, DEPRECIATION ACCOUNTING, ACCOUNTING FOR HIRE PURCHASE TRANSACTIONS, INLAND BRANCHES, DISSOLUTION OF PARTNERSHIP FIRMS, ACCOUNTS FROM INCOMPLETE RECORDS (SINGLE ENTRY SYSTEM), | ||
| 942 |
_2ddc _cFCM _0172 |
||
| 999 |
_c9242 _d9242 |
||